Statistics for Spanish Translation Quiz

Click here to take the quiz!

General Stats

  • This quiz has been taken 24 times
  • The average score is 9 of 15

Answer Stats

SpanishEnglish% Correct
árboltree
84%
paíscountry
74%
gratisfree
74%
luzlight
74%
mariposabutterfly
68%
cebollaonion
68%
reyking
63%
mueblesfurniture
58%
lechugalettuce
58%
osobear
53%
afueraoutside
47%
baloncestobasketball
42%
madrastrastepmother
37%
fefaith
32%
tiburónshark
21%

Score Distribution

Percentile by Number Answered

Percent of People with Each Score

Your Score History

You have not taken this quiz